[Event "Foment Martinenc op-A 22nd"]
[Site "Barcelona"]
[Date "2022.06.18"]
[Round "9"]
[White "Colomer Gomez, Jordi"]
[Black "Torres Teruel, Joan"]
[Result "1-0"]
[WhiteElo "1771"]
[BlackElo "1588"]
[PlyCount "59"]
[EventDate "2022.04.23"]
[EventType "swiss"]
[EventRounds "9"]
[EventCountry "ESP"]
[SourceTitle "EXT 2023"]
[Source "ChessBase"]
[SourceDate "2022.10.05"]
[SourceVersion "1"]
[SourceVersionDate "2022.10.05"]
[SourceQuality "1"]

1. e4 c5 2. Nc3 a6 3. Nf3 Nc6 4. d4 cxd4 5. Nxd4 e6 6. Be3 Nf6 7. Nxc6 bxc6 8. e5 Nd5 9. Nxd5 cxd5 10. Bd3 d6 11. f4 dxe5 12. fxe5 Qc7 13. Qh5 Bc5 14. Bxc5 Qxc5 15. 0-0-0 h6 16. Rhf1 Qe7 17. Rxf7 Qxf7 18. Bg6 0-0 19. Bxf7+ Rxf7 20. Re1 Bd7 21. b3 Rc8 22. a4 Be8 23. Qg4 Rf5 24. Qb4 g5 25. Re2 Bg6 26. Qb6 Rf1+ 27. Kb2 Bf5 28. Qxa6 Rd8 29. g4 Bxg4 30. Rg2 1-0

[Event "Foment Martinenc op-A 22nd"]
[Site "Barcelona"]
[Date "2022.05.07"]
[Round "3"]
[White "Perez Garcia, Adria"]
[Black "Colomer Gomez, Jordi"]
[Result "1-0"]
[WhiteElo "2142"]
[BlackElo "1771"]
[PlyCount "131"]
[EventDate "2022.04.23"]
[EventType "swiss"]
[EventRounds "9"]
[EventCountry "ESP"]
[SourceTitle "EXT 2023"]
[Source "ChessBase"]
[SourceDate "2022.10.05"]
[SourceVersion "1"]
[SourceVersionDate "2022.10.05"]
[SourceQuality "1"]

1. e4 c5 2. c3 d5 3. exd5 Qxd5 4. d4 g6 5. Nf3 Bg7 6. Na3 cxd4 7. Bc4 Qe4+ 8. Be3 Nh6 9. cxd4 0-0 10. 0-0 Bg4 11. Nd2 Qxe3 12. fxe3 Bxd1 13. Raxd1 Nf5 14. Nc2 Nd7 15. Bd3 Rac8 16. Rde1 e6 17. Nf3 Rc7 18. e4 Ne7 19. Ne3 Nb6 20. Rc1 Rfc8 21. Rxc7 Rxc7 22. Rd1 Na4 23. Rd2 Bh6 24. Kf2 f5 25. Re2 Nb6 26. Rc2 Rxc2+ 27. Nxc2 Nc6 28. exf5 gxf5 29. Bb5 Ne7 30. Ne5 a6 31. Bd7 Nxd7 32. Nxd7 Bf4 33. Nc5 Kf7 34. g3 Bc7 35. Nxb7 e5 36. Nc5 a5 37. dxe5 Bxe5 38. Nd3 Bf6 39. a4 Ke6 40. b4 axb4 41. Ncxb4 Nd5 42. Nxd5 Kxd5 43. Ke3 Bg5+ 44. Nf4+ Kc5 45. h4 Bh6 46. Kd3 Kb4 47. Kd4 Bg7+ 48. Kd5 Kxa4 49. Ke6 Kb5 50. Kxf5 Kc6 51. Nh5 Bc3 52. Nf6 Be1 53. Kg4 h6 54. h5 Kd6 55. Ng8 Ke6 56. Nxh6 Kf6 57. Nf5 Bd2 58. Nd6 Be1 59. Ne4+ Kg7 60. Kg5 Ba5 61. h6+ Kh7 62. Nf6+ Kh8 63. Kg6 Bd2 64. Ne4 Be3 65. Nd6 Bd4 66. h7 1-0

[Event "Barcelona La Lira op 38th"]
[Site "Barcelona"]
[Date "2020.02.28"]
[Round "7"]
[White "Colomer Gomez, Jordi"]
[Black "Costa Trave, Jaume"]
[Result "1-0"]
[WhiteElo "1513"]
[BlackElo "1702"]
[PlyCount "91"]
[EventDate "2020.01.17"]
[EventType "swiss"]
[EventRounds "8"]
[EventCountry "ESP"]
[SourceTitle "CBM 195 Extra"]
[Source "ChessBase"]
[SourceDate "2020.05.31"]
[SourceVersion "1"]
[SourceVersionDate "2020.05.31"]
[SourceQuality "1"]

1. e4 e6 2. d4 d5 3. Nd2 c5 4. exd5 Qxd5 5. Ngf3 cxd4 6. Bc4 Qd6 7. 0-0 Qb6 8. Nb3 Nc6 9. Nbxd4 Nxd4 10. Nxd4 Bd7 11. Bb3 Rd8 12. c3 Nf6 13. Qf3 Bc6 14. Nxc6 Qxc6 15. Qxc6+ bxc6 16. Ba4 Rc8 17. Be3 Rc7 18. Rfd1 Be7 19. Bf4 Rc8 20. Rd3 0-0 21. Rad1 c5 22. c4 Rfd8 23. f3 Rd4 24. Rxd4 cxd4 25. b3 Bc5 26. Be5 Ne8 27. Kf1 f6 28. Bxd4 Rd8 29. Bxe8 Bxd4 30. Bb5 e5 31. Bc6 Kf7 32. Ke2 Ke6 33. b4 Rb8 34. Rb1 Kd6 35. Be4 Bc3 36. Kd3 Bd4 37. Bxh7 Rh8 38. c5+ Kc7 39. Bf5 Kc6 40. Kc4 a6 41. a4 Rh4 42. b5+ Kc7 43. bxa6 Bf2+ 44. g4 Rh8 45. Rb7+ Kc6 46. Be4# 1-0